000 00843nac a22002537a 4500
001 BR9100005
003 BR-BrBNA
005 20240105121128.0
008 230509b bl.|||m| |||| 00| 0 por d
040 _aBR-BrBNA
_bpor
_cBiblioteca Nacional de Agricultura
072 _aL73; L70
090 _a5212 BR9100005
100 1 _aLiberal, M.H.T.
110 1 _aEmpresa de Pesquisa Agropecuaria do Estado do Rio de Janeiro, Niteroi (Brasil)
245 1 _aControle da salmonelose em bezerros jovens pela vacinacao
260 3 _aNiteroi, RJ (Brasil):
_c1989.
300 _a11 p.
490 _aSerie Documentos - Empresa de Pesquisa Agropecuaria do Estado do Rio de Janeiro (Brazil)
_vno. 17
_x
650 _aBEZERRO
650 _aSALMONELOSE
650 _aVACINA
909 _a202312
_bLúcia Elande
_c55
_dLúcia Elande
942 _2AGRIS
_n0
_cMS
999 _c283470
_d283470